1282 1466 1480 1742 1356 1654 1222 1636 1731 1941 1910 1335 1933 1780 1900 1665 1124 1722 1569 1381 1119 1928 1360 1316 1623 1662 1816 1549 1717 1021 1118 1800 1817 1846 1986 1311 1262 1446 1802 1713 1018 1958 1372 1581 1836 1707 1289 1196 1027 1492 1269 1118 1041 1154 1326 1268 1241 1179 1733 1703 1363 1523 1916 1760 1762 1957 1055 1563 1640 1941 1583 1311 1435 1437 1250 1737 1549 1266 1979 1407 1278 1771 1439 1431 1050 1044 1580 1458 1846 1182 1035 1709 1179 1049 1001 1899 1821 1614 1003 BCNSPRNW ULIB Ver.6.0+V

เปลี่ยนเป็นภาษาไทย

Change to English
 แสดงรายละเอียดบรรณานุกรม
  กลับหน้าหลัก

Brief Record : Get Marc (ISO 2709) : E-mail record : QR code < ปิดหน้าต่าง
LEADER : 00000nam 2200000uu 4500
001    13399113530
003     ULIB
008    111124sมปป.||||th 000 0 tha d
020    ^a9789741619177
090    ^aนว.^bม719B
100 0  ^aมิ้นตี้
245 00 ^aBe Careful! ภารกิจลับทะลวงใจ/^cมิ้นตี้
250    ^aพิมพ์ครั้งที่ 1
260    ^aกรุงเทพฯ :^bแจ่มใส
300    ^a201 หน้า
710 1  ^aแจ่มใส
945    ^p149^l0^i15406
995    ^aกัณชพร
999    ^aใช้งานได้ทุกระบบ
รายการนี้ยังไม่มีแท็ก
คุณยังไม่ได้ล็อกอิน คุณสามารถมีกิจกรรมร่วมกับเว็บไซต์ได้ แต่ต้องล็อกอินก่อน ::
  ล็อกอิน

รายการสื่อสารสนเทศ

ลำดับที่ ประเภท เลขเรียก/บาร์โค้ด สถานที่ สถานะ
1. นวนิยาย
นวนิยาย
นว. ม719B  
  Barcode: 15406
ห้องสมุดวิทยาเขตสวรรค์ประชารักษ์
►นวนิยาย
บนชั้น
  ขอยืม

รายการใกล้เคียง
    ผู้แต่ง [มิ้นตี้]

BibComment


ยังไม่เคยถูกคอมเมนท์

คอมเมนท์ทรัพยากรรายการนี้
  คอมเมนท์: Be Careful ภารกิ..


 Copyright 2026. Bcnsprnw @Library